000 00796nam a2200205 i 4500
001 75909
003 ES-MaACL
005 20231227193320.0
007 t|
008 040928s1970 sp ||||1| spa d
100 1 _aGuardia García, Julio de la.
_960309
245 1 0 _aNormas legales de la circulación :
_b(en relación con todos sus factores: hombre, vía y vehículo) /
_cJulio de la Guardia García, Antonio Rincón Regodón ; prólogo, Antonio Hernández Gil.
260 _aPamplona :
_bAranzadi,
_c1970.
300 _a764 p., 7 lám. :
_bil. ;
_c24 cm.
650 4 _aTráfico-
_vLegislación-
_zEspaña.
_9168806
700 1 _aRicón Regodón, Antonio.
_997046
700 1 _aHernández Gil, Antonio,
_d1915-1994
_962943
852 _aES-MaACL
_jC-41776
999 _c75909
_d75909